[Event "WchT Silent"]
[Site "Opatija"]
[Date "2014.06.27"]
[Round "9.8"]
[White "Redzepi, Halit"]
[Black "Gruenfeld, Yehuda"]
[Result "0-1"]
[WhiteElo "1953"]
[BlackElo "2448"]
[PlyCount "74"]
[EventDate "2014.06.19"]
[EventType "team-swiss"]
[EventRounds "9"]
[EventCountry "CRO"]
[SourceTitle "CBM 161 Extra"]
[Source "ChessBase"]
[SourceDate "2014.08.29"]
[SourceVersion "1"]
[SourceVersionDate "2014.08.29"]
[SourceQuality "1"]
[WhiteTeam "Switzerland"]
[BlackTeam "Israel"]
[WhiteTeamCountry "SUI"]
[BlackTeamCountry "ISR"]

1. e4 c5 2. Nf3 d6 3. d4 cxd4 4. Nxd4 Nf6 5. Nc3 a6 6. Be2 e5 7. Nb3 Be7 8. Be3 0-0 9. 0-0 Be6 10. Kh1 Nbd7 11. h3 Rc8 12. Rc1 Nb6 13. Bxb6 Qxb6 14. Nd5 Bxd5 15. exd5 Ne4 16. Bg4 Nxf2+ 17. Rxf2 Qxf2 18. Bxc8 Rxc8 19. Qg4 f5 20. Qa4 Rd8 21. Qc4 Qb6 22. Rf1 Rf8 23. Qe2 g6 24. c4 Qb4 25. Nc1 b5 26. a3 Qxc4 27. Qxc4 bxc4 28. Na2 e4 29. Rc1 Rb8 30. Nb4 Bf6 31. Rxc4 a5 32. Nc6 Rxb2 33. Kg1 e3 34. Kf1 Rf2+ 35. Kg1 Ra2 36. Nxa5 Ra1+ 37. Kh2 e2 0-1

[Event "Liechtenstein op 32nd"]
[Site "Triesen"]
[Date "2014.05.28"]
[Round "6"]
[White "Bahl, Felix"]
[Black "Redzepi, Halit"]
[Result "1-0"]
[WhiteElo "2160"]
[BlackElo "1953"]
[PlyCount "71"]
[EventDate "2014.05.23"]
[EventType "swiss"]
[EventRounds "9"]
[EventCountry "LIE"]
[SourceTitle "CBM 160 Extra"]
[Source "ChessBase"]
[SourceDate "2014.07.01"]
[SourceVersion "1"]
[SourceVersionDate "2014.07.01"]
[SourceQuality "1"]

1. d4 Nf6 2. c4 g6 3. Nf3 Bg7 4. g3 0-0 5. Bg2 d6 6. 0-0 c6 7. Nc3 b6 8. e4 Bb7 9. h3 h6 10. Be3 Nbd7 11. Nd2 Qc7 12. f4 c5 13. Nb5 Qb8 14. d5 Ne8 15. Nc3 a6 16. a4 Qc7 17. Qe2 e6 18. dxe6 fxe6 19. Qg4 Kh7 20. f5 exf5 21. exf5 Ne5 22. fxg6+ Nxg6 23. Rxf8 Bxf8 24. Nd5 Qg7 25. Rf1 Rb8 26. Be4 Bxd5 27. cxd5 Nf6 28. Qe6 Nxe4 29. Rf7 Nxd2 30. Bxd2 Rb7 31. Rxg7+ Rxg7 32. Qf5 Re7 33. h4 Kg7 34. h5 Ne5 35. Bxh6+ Kxh6 36. Qxf8+ 1-0